00389 2200157 4500001002100000008004100021035002000062245003500082260003000117300001500147020001800162084001700180082001100197650001000208990001300218INLIS000000000000024 ind  a0010-0921000024 aThe Words KomitmencMark Mason aJakarta :bGramediac2010 a344c20 cm a9789792255874 a808.83 MAR t a808.83 aFiksi aDI. 2151